000 00377nam a2200145Ia 4500
008 210716s1997 xx 000 0 und d
020 _a706996402
041 _aeng
082 _a004 JAST
100 _aJassal, TPS;Jassal, HK.
245 _aLearning computer skills: book 2.
_bBook 2.
250 _a1
260 _aNew Delhi
_bMadhuban Educational Books
_c1997
300 _a96
999 _c183278
_d183278